| Tag |
First Indicator |
Second Indicator |
Subfields |
| LEADER |
00000cam a2200000 4500 |
| 001 |
in00001982947 |
| 006 |
m | d | |
| 007 |
cr |n||||||||n |
| 008 |
791208s1773 enk|||| s 00||||eng d |
| 005 |
20260406221221.9 |
| 035 |
|
|
|a (CStRLIN)ESTCT74252
|
| 040 |
|
|
|a Uk-ES
|c Uk-ES
|d Cu-RivES
|d CStRLIN
|d Thomson Gale
|d UtOrBLW
|
| 100 |
1 |
|
|a Stennett, Samuel,
|d 1727-1795.
|
| 245 |
1 |
4 |
|a The Christian aspiring to heaven :
|b A sermon occasioned by the decease of Mrs. Susanna Brittain, ... Preached in Church-lane, near Whitechapel, June 13, 1773. By Samuel Stennett, D.D.
|
| 264 |
|
3 |
|a London :
|b printed for J. Buckland; G. Keith; and W. Harris,
|c 1773.
|
| 300 |
|
|
|a 4 unnumbered pages, 59, 1 unnumbered page ;
|c 8⁰.
|
| 336 |
|
|
|a text
|b txt
|2 rdacontent
|
| 337 |
|
|
|a computer
|b c
|2 rdamedia
|
| 338 |
|
|
|a online resource
|b cr
|2 rdacarrier
|
| 500 |
|
|
|a Half-title: 'A sermon occasioned by the decease of Mrs. Susanna Brittain, ..
|
| 500 |
|
|
|a Reproduction of original from the British Library.
|
| 510 |
4 |
|
|a English Short Title Catalog,
|c ESTCT74252.
|
| 533 |
|
|
|a Electronic reproduction.
|b Farmington Hills, Mich. :
|c Thomson Gale,
|d 2003.
|n Available via the World Wide Web.
|n Access limited by licensing agreements
|7 s2003 miunns
|
| 500 |
|
|
|a Electronic resource.
|
| 830 |
|
0 |
|a Eighteenth century collections online.
|
| 856 |
4 |
0 |
|u http://proxy.library.tamu.edu/login?url=https://galenet.galegroup.com/servlet/ECCO?c=1&stp=Author&ste=11&af=BN&ae=T074252&tiPG=1&dd=0&dc=flc&docNum=CW122377984&vrsn=1.0&srchtp=a&d4=0.33&n=10&SU=0LRF&locID=txshracd2898
|z Full text online
|t 0
|
| 999 |
|
|
|a MARS
|
| 999 |
f |
f |
|s dea32e0a-0f10-30ae-8320-c300e04112e4
|i 236e663d-5a3f-3f67-b43c-89eb9fff96b2
|t 0
|
| 952 |
f |
f |
|a Texas A&M University
|b College Station
|c Electronic Resources
|s www_evans
|d Available Online
|t 0
|h No information provided
|
| 998 |
f |
f |
|t 0
|l Available Online
|